Stati per Densità di popolazione - 2030 - Statistics

Statistiche generali
  • Questo quiz è stato fatto 3 volte
  • Il punteggio medio è 6 su 10
Statistiche sulle risposte
Densità (popolazione per km²) Continente Nazione % Corretto
1 425 Asia Bangladesh
100%
1 811 Europa Città del Vaticano
100%
27 759 Europa Monaco
100%
2 648 Asia Bahrein
67%
1 374 Europa Malta
67%
9 060 Asia Singapore
67%
675 America del Nord Barbados
33%
1 705 Asia Maldive
33%
1 119 Asia Palestina
33%
649 Africa Ruanda
33%
Nessun quiz corrispondente trovato
Distribuzione punteggi
Percentuale di utenti per punteggio
Percentile per numero di risposta
I tuoi punteggi nel tempo
Non hai fatto questo quiz